| 000 | 00000nam##2200000za#4500 |
| 001 | 9.580169 |
| 003 | CaOODSP |
| 005 | 20210624190917 |
| 007 | cr ||||||||||| |
| 008 | 150406|2009||||xxc|||||o f|0| 0 eng|d |
| 022 | |a1488-5387 |
| 040 | |aCaOODSP|beng |
| 043 | |an-cn--- |
| 086 | 1 |aFs97-4/2864E-PDF |
| 110 | 1 |aCanada. |bDepartment of Fisheries and Oceans. |
| 245 | 10|aSmall scale delineation of northeast Pacific Ocean undersea features using benthic position index / |h[electronic resource]|cby M.M. Manson. |
| 260 | |aDelta - British Columbia : |bFisheries and Oceans Canada |c2009. |
| 300 | |a22p.|bfigs. (some coloured), references |
| 490 | 1 |aCanadian manuscript report of fisheries and aquatic sciences|x1488-5387|vNo. 2864 |
| 500 | |aFile reproduced from original print. On t. p. : Oceans, Habitat and Enhancement Branch, Annacis Island, Delta, British Columbia. The catalogue number and ISSN for the print edition appear in the PDF version. |
| 546 | |a(Résumés en français) |
| 590 | |a14-14-Supp|b2014-07-24 |
| 720 | 1 |aManson, M. M |
| 776 | 0#|tSmall scale delineation of northeast Pacific Ocean undersea features using benthic position index / |w(CaOODSP)9.619351 |
| 830 | #0|aCanadian manuscript report of fisheries and aquatic sciences,|x1488-5387|vNo. 2864|w(CaOODSP)9.505211 |
| 856 | 40|ahttp://publications.gc.ca|qPDF|s3392 KB|uhttps://publications.gc.ca/collections/collection_2014/mpo-dfo/Fs97-4-2864-eng.pdf|yNo. 2864 |